Facilitating reflective learning in higher education /

This book is about: Learning and reflection; Facilitating learning and reflective practice; Exemplars.

Tallennettuna:
Bibliografiset tiedot
Päätekijä: Brockbank, Anne.
Muut tekijät: McGill, Ian.
Aineistotyyppi: Kirja
Kieli:English
Julkaistu: Buckingham ; Philadelphia, PA : Society for Research into Higher Education & Open University Press, 1998.
Aiheet:
Tagit: Lisää tagi
Ei tageja, Lisää ensimmäinen tagi!
Thư viện lưu trữ: Mạng thư viện Đại học Đà Nẵng
LEADER 01120cam a2200373 i 4500
001 000048513
003 8232
005 20041027082835.0
008 010326b1998 vm 000 eng
020 |a 0335196861 
040 |a IRC  |c IRC  |d IRC 
041 0 |a eng 
082 1 4 |a 378.12  |b BR-A 
100 1 |a Brockbank, Anne. 
245 1 0 |a Facilitating reflective learning in higher education /  |c Anne Brockbank and Ian McGill. 
260 |a Buckingham ; Philadelphia, PA :  |b Society for Research into Higher Education & Open University Press,  |c 1998. 
300 |a ix, 283 p. :  |b ill. ;  |c 23 cm. 
520 3 |a This book is about: Learning and reflection; Facilitating learning and reflective practice; Exemplars. 
630 0 4 |a Education. 
630 0 4 |a Learning. 
630 0 4 |a College teaching. 
650 0 4 |a College teaching. 
650 0 4 |a Learning. 
700 1 |a McGill, Ian. 
OWN |a DUT 
999 |a From the UDN01 
TYP |a Monograph 
TYP |a Printed language 
980 |a Mạng thư viện Đại học Đà Nẵng